Od Michaloviec po Užhorod - Galéria pod nebom
| Main Author: | |
|---|---|
| Other Authors: | |
| Format: | Book |
| Language: | Slovak Ukrainian English |
| PhysicalDescription: | 48 s. fotogr. 21 x 30 cm |
| Published: |
Michalovce
PHOTOVISION
2017
|
| ISBN: | 9788089857036 (brož.) |
| Subjects: |
MARC
| LEADER | 00000cam a2200000 a 4500 | ||
|---|---|---|---|
| 001 | vtls011618072 | ||
| 003 | SK-MaSNL | ||
| 005 | 20260301093628.0 | ||
| 008 | 180703s2017 xo o g 000 0 slo | ||
| 015 | |a SNBE2018 | ||
| 020 | |a 9788089857036 (brož.) | ||
| 040 | |a SNK |b slo |c SNK |e AACR2 | ||
| 041 | 1 | |a slo |a ukr |a eng | |
| 043 | |a e-xo--- |a e-un--- | ||
| 044 | |a xo |c SK | ||
| 072 | 7 | |a 77 |x Fotografia. Fotografické postupy |2 konspekt | |
| 080 | |a 352:316.4.063.34 |2 2011 | ||
| 080 | |a (437.672) |2 2011 | ||
| 080 | |a (477) |2 2011 | ||
| 080 | |a (084.12) |2 2011 | ||
| 080 | |a 72/76:069 |2 2011 | ||
| 080 | |a 711.61 |2 2011 | ||
| 080 | |a 77.03/.08 |2 2011 | ||
| 080 | |a 316.4.063.3 |2 2011 | ||
| 245 | 0 | 0 | |a Od Michaloviec po Užhorod - Galéria pod nebom |c [autori fotografií: Ľudovít Földy ... [et al.] ; autor textov: Jela Timková ; zostavenie a grafická úprava: Ľudovít Földy] |
| 246 | 3 | 1 | |a Vid Michalovce do Užgoroda - Galereja pid nebom |
| 246 | 3 | 1 | |a From Michalovce to Uzhhorod - Gallery under the sky |
| 246 | 3 | 0 | |a Galéria pod nebom |
| 260 | |a Michalovce |b PHOTOVISION |c 2017 | ||
| 300 | |a 48 s. |b fotogr. |c 21 x 30 cm | ||
| 500 | |a Vydané pre mesto Michalovce | ||
| 500 | |a Album vyšiel v rámci projektu SK-INFO-UA Inovatívne informačné produkty cezhraničnej spolupráce, ktorý je financovaný z grantu Nórskeho finančného mechanizmu a spolufinancovaný zo štátneho rozpočtu Slovenskej republiky | ||
| 546 | |a Súbežný názov a text ukr. a angl. | ||
| 610 | 2 | 7 | |a Galéria pod nebom (Michalovce, Slovensko) |2 SNKKA |9 426271 |
| 650 | 0 | 7 | |a partnerské mestá a obce |2 SNKPH |9 367799 |
| 650 | 0 | 7 | |a Partner cities, towns and villages |2 SNKPHeng |9 367802 |
| 650 | 0 | 7 | |a galérie |2 SNKPH |9 21513 |
| 650 | 0 | 7 | |a verejné priestranstvá |2 SNKPH |9 102205 |
| 650 | 0 | 7 | |a cezhraničná spolupráca |2 SNKPH |9 4908 |
| 650 | 0 | 7 | |a fotografia |2 SNKPH |9 1694 |
| 650 | 0 | 7 | |a Art galleries |2 SNKPHeng |9 268036 |
| 650 | 0 | 7 | |a Public places |2 SNKPHeng |9 326494 |
| 650 | 0 | 7 | |a Photography |2 SNKPHeng |9 266313 |
| 650 | 0 | 7 | |a Transborder cooperation |2 SNKPHeng |9 312688 |
| 651 | 7 | |a Michalovce (Slovensko) |2 SNKPH |9 22487 | |
| 651 | 7 | |a Užhorod (Ukrajina) |2 SNKPH |9 26707 | |
| 651 | 7 | |a Michalovce (Slovakia) |2 SNKPHeng |9 309908 | |
| 651 | 7 | |a Užhorod (Ukrajina) |2 SNKPHeng |9 26707 | |
| 655 | 7 | |a fotografické publikácie |2 SNKPH |9 70483 | |
| 655 | 7 | |a Photographic publication |2 SNKPHeng |9 266858 | |
| 700 | 1 | |a Földy, Ľudovít |4 bkd |4 com |4 pht |9 362829 | |
| 700 | 1 | |a Timková, Jela |4 aut |9 424934 | |
| 852 | |a Štátna vedecká knižnica v Banskej Bystrici | ||
| 919 | |a 978-80-89857-03-6 | ||
| 999 | |c 677635 |d 679565 | ||
| 952 | |a SNK |b SNK |y PREZ |7 0 |p 17A1257000 |o snkOSC 27975 |i snk2017/8855 |8 0 |0 0 |1 0 |4 0 |d 2017-04-12 |l 0 |r 2026-02-23 19:46:50 |w 2026-02-23 | ||
| 952 | |a SNK |b SNK |y VYP |7 0 |p 17A1257001 |o snkOSC 27975 D1 |i snk2017/8857 |8 0 |0 0 |1 0 |4 0 |d 2017-04-12 |l 0 |r 2026-02-23 19:46:50 |w 2026-02-23 | ||


